000 00381nam a22001697a 4500
005 20160623115734.0
008 160623b xxu||||| |||| 00| 0 eng d
020 _a978-0-07-058159-3
041 _aeng
082 _b9356
100 _aSengupta, Subroto
_91138
245 _aBrand Positioning
260 _bTMH
_c2009
300 _a287
650 _aManagement
_9241
942 _cBK
999 _c3678
_d3677